It looks like you're offline.
Open Library logo
additional options menu

MARC record from Internet Archive

LEADER: 01504cam 2200493Ma 4500
001 ocn952846315
003 OCoLC
005 20200704055751.0
008 160622s2004 enk 000 0 eng d
040 $aUKWOH$beng$cUKWOH$dUKM$dYDXCP$dOCLCF$dOCLCQ$dUKWOH$dUKMGB
015 $aGBA4Z0021$2bnb
016 7 $a0340813970$2Uk
016 7 $a006941642$2Uk
019 $a56452322
020 $a1444142704
020 $a9781444142709
020 $a0340813970
020 $a9780340813973
035 $a(OCoLC)952846315$z(OCoLC)56452322
082 04 $a510$221
100 1 $aHanrahan, Val.
245 10 $aAS pure mathematics C1, C2 [electronic resource].
250 $a3rd ed.
260 $aLondon :$bHodder & Stoughton,$c2004.
300 $a512 pages.
336 $atext$btxt$2rdacontent
337 $aunmediated$bn$2rdamedia
338 $avolume$bnc$2rdacarrier
490 1 $aMEI structured mathematics
650 0 $aMathematics.
650 0 $aMathematics$vProblems, exercises, etc.
650 7 $aMathematics.$2fast$0(OCoLC)fst01012163
655 7 $aProblems and exercises.$2fast$0(OCoLC)fst01423783
830 0 $aMEI structured mathematics.
938 $aYBP Library Services$bYANK$n100498161
029 1 $aUKBCI$b028403401
029 1 $aUKBNS$b028403401
029 1 $aUKSCO$b028403401
029 1 $aUKSGC$b028403401
029 1 $aUKSOM$b028403401
029 1 $aUNITY$b028403401
029 1 $aUKMGB$b006941642
994 $aZ0$bP4A
948 $hNO HOLDINGS IN P4A - 36 OTHER HOLDINGS